<?xml version="1.0" encoding="UTF-8"?>
<record
    xmlns:xsi="http://www.w3.org/2001/XMLSchema-instance"
    xsi:schemaLocation="http://www.loc.gov/MARC21/slim http://www.loc.gov/standards/marcxml/schema/MARC21slim.xsd"
    xmlns="http://www.loc.gov/MARC21/slim">

  <leader>00760cam a2200265 c 4500</leader>
  <controlfield tag="001"> 0519 </controlfield>
  <controlfield tag="003">DO-SdBNP</controlfield>
  <controlfield tag="005">20221121101235.0</controlfield>
  <controlfield tag="008">180126b2011 sp || 00| 0 spa d</controlfield>
  <datafield tag="020" ind1=" " ind2=" ">
    <subfield code="a">9788483651414</subfield>
  </datafield>
  <datafield tag="040" ind1=" " ind2=" ">
    <subfield code="a">BPMSU</subfield>
    <subfield code="b">spa</subfield>
    <subfield code="c">BPMSU</subfield>
  </datafield>
  <datafield tag="080" ind1=" " ind2=" ">
    <subfield code="a"> </subfield>
  </datafield>
  <datafield tag="082" ind1=" " ind2="4">
    <subfield code="a">853.91</subfield>
    <subfield code="b">V648h 2011</subfield>
    <subfield code="2">22</subfield>
  </datafield>
  <datafield tag="100" ind1="1" ind2=" ">
    <subfield code="a">Vidal, C&#xE9;sar</subfield>
  </datafield>
  <datafield tag="245" ind1="1" ind2="3">
    <subfield code="a">La hija del papa /</subfield>
    <subfield code="c">C&#xE9;sar Vidal </subfield>
  </datafield>
  <datafield tag="260" ind1=" " ind2=" ">
    <subfield code="a">[Madrid] :</subfield>
    <subfield code="b">Suma de Letras,</subfield>
    <subfield code="c">2011</subfield>
  </datafield>
  <datafield tag="300" ind1=" " ind2=" ">
    <subfield code="a">251 p. ;</subfield>
    <subfield code="c">25 cm. </subfield>
  </datafield>
  <datafield tag="500" ind1=" " ind2=" ">
    <subfield code="3">Incluye datos biogr&#xE1;ficos del autor en la solapa de la cubierta</subfield>
  </datafield>
  <datafield tag="590" ind1=" " ind2=" ">
    <subfield code="6">Inventariado, 2022/VM</subfield>
  </datafield>
  <datafield tag="600" ind1="1" ind2="4">
    <subfield code="a">Borgia, Lucrecia,</subfield>
    <subfield code="d">1480-1519</subfield>
    <subfield code="v">Novela</subfield>
  </datafield>
  <datafield tag="600" ind1="1" ind2="4">
    <subfield code="a">Borgia (Familia)</subfield>
    <subfield code="v">Novela</subfield>
    <subfield code="x"> </subfield>
  </datafield>
  <datafield tag="650" ind1=" " ind2="4">
    <subfield code="a">Novela italiana</subfield>
  </datafield>
  <datafield tag="910" ind1=" " ind2=" ">
    <subfield code="a">VMateo V. /Validado </subfield>
  </datafield>
  <datafield tag="942" ind1=" " ind2=" ">
    <subfield code="2">ddc</subfield>
    <subfield code="c">BK</subfield>
  </datafield>
  <datafield tag="952" ind1=" " ind2=" ">
    <subfield code="0">0</subfield>
    <subfield code="1">0</subfield>
    <subfield code="2">ddc</subfield>
    <subfield code="4">0</subfield>
    <subfield code="7">0</subfield>
    <subfield code="8">CG</subfield>
    <subfield code="a">BPMET</subfield>
    <subfield code="b">BPMET</subfield>
    <subfield code="d">2016-07-14</subfield>
    <subfield code="e">Alfaguara</subfield>
    <subfield code="o">BPMSU CG 853.91 V648h 2011</subfield>
    <subfield code="p">BPMSU16070462</subfield>
    <subfield code="r">2016-07-14</subfield>
    <subfield code="w">2016-07-14</subfield>
    <subfield code="y">BK</subfield>
  </datafield>
  <datafield tag="952" ind1=" " ind2=" ">
    <subfield code="0">0</subfield>
    <subfield code="1">0</subfield>
    <subfield code="2">ddc</subfield>
    <subfield code="4">0</subfield>
    <subfield code="7">0</subfield>
    <subfield code="8">CG</subfield>
    <subfield code="a">BPMET</subfield>
    <subfield code="b">BPMET</subfield>
    <subfield code="d">2016-07-14</subfield>
    <subfield code="e">Alfaguara</subfield>
    <subfield code="o">BPMSU CG 853.91 V648h 2011</subfield>
    <subfield code="p">BPMSU16070463</subfield>
    <subfield code="r">2016-07-14</subfield>
    <subfield code="t">e.2</subfield>
    <subfield code="w">2016-07-14</subfield>
    <subfield code="y">BK</subfield>
  </datafield>
  <datafield tag="952" ind1=" " ind2=" ">
    <subfield code="0">0</subfield>
    <subfield code="1">0</subfield>
    <subfield code="2">ddc</subfield>
    <subfield code="4">0</subfield>
    <subfield code="7">0</subfield>
    <subfield code="8">CG</subfield>
    <subfield code="a">BPMET</subfield>
    <subfield code="b">BPMET</subfield>
    <subfield code="d">2016-07-20</subfield>
    <subfield code="e">Santillana</subfield>
    <subfield code="l">0</subfield>
    <subfield code="p">BPMSU16070562</subfield>
    <subfield code="r">2016-07-20</subfield>
    <subfield code="t">e. 3</subfield>
    <subfield code="w">2016-07-20</subfield>
    <subfield code="y">BK</subfield>
  </datafield>
  <datafield tag="999" ind1=" " ind2=" ">
    <subfield code="c">10874</subfield>
    <subfield code="d">10874</subfield>
  </datafield>
</record>
